000 00543nam a2200157Ia 4500
008 160316s1986 xxu||||| |||| 00| 0 eng d
082 _a346.017800
_bDIA
100 _a
245 _aDeclaration on social and legal principles relating to the protection and welfare of children, with special reference to foster placement and adoption nationally and internationally
250 _a
260 _a
_bDIANA
_c1986
300 _a5
_b
_c
365 _b
650 _a1. Adoption - welfare - children 2. Legal principles - articles
700 _a
_a
999 _c36506
_d36506